书目信息 |
| 题名: |
后印象派绘画史
|
|
| 作者: | 约翰·雷华德 著 ;平野 , 李家璧 译 | |
| 分册: | 下册 | |
| 出版信息: | 桂林 广西师范大学出版社 2002 |
|
| 页数: | 343~725页 | |
| 开本: | 21cm | |
| 丛书名: | 贝贝特·艺术广场 | |
| 单 册: | ||
| 中图分类: | J209.9 | |
| 科图分类: | ||
| 主题词: | 印象画派--绘画史 | |
| 电子资源: | ||
| ISBN: | 7-5633-3735-0 | |
| 000 | 00872nam0 2200265 45 | |
| 001 | 0304141458 | |
| 005 | 20031219104109.2 | |
| 010 | @a7-5633-3735-0@dCNY99.80 | |
| 100 | @a20030414d2002 km y0chiy0120 ea | |
| 101 | 0 | @achi@ceng |
| 105 | @af z 000yy | |
| 200 | 1 | @a后印象派绘画史@e插图珍藏本@ECha Tu Zhen Cang Ben@h下册@AHou Yin Xiang Pai Hui Hua Shi@f(美)约翰·雷华德著@F(Mei)Yue Han·Lei Hua De Zhu@g平野,李家璧译 |
| 210 | @a桂林@c广西师范大学出版社@d2002 | |
| 215 | @a343~725页@c图@d21cm | |
| 225 | @a贝贝特·艺术广场 | |
| 320 | @a书末有书目。 | |
| 410 | @12001 @a贝贝特·艺术广场 | |
| 517 | @a插图珍藏本@ACha Tu Zhen Cang Ben | |
| 606 | 0 | @a印象画派@x绘画史 |
| 690 | @aJ209.9@v4 | |
| 701 | 0 | @a约翰·雷华德@4著 |
| 702 | 0 | @a平野@APing Ye@4译 |
| 702 | 0 | @a李家璧@ALi Jia Bi@4译 |
| 801 | @aCN@bTSTC@c20030414 | |
| 905 | @b322581-583@dJ209.9@e200:2@f3 | |
| 后印象派绘画史:插图珍藏本.下册/(美)约翰·雷华德著/平野,李家璧译.-桂林:广西师范大学出版社,2002 |
| 343~725页:图;21cm.-(贝贝特·艺术广场) |
| ISBN 7-5633-3735-0:CNY99.80 |
| ● |
| 相关链接 |
|
|
|
|
正题名:后印象派绘画史
索取号:J209.9/200:2
 
预约/预借
| 序号 | 登录号 | 条形码 | 馆藏地/架位号 | 状态 | 备注 |
| 1 | 0322581 | 203225811 | 第一借阅区/ [索取号:J209.9/200:2] | 在馆 | |
| 2 | 0322582 | 203225820 | 第一借阅区/ [索取号:J209.9/200:2] | 在馆 | |
| 3 | 0322583 | 203225839 | 第一样本阅览室/ [索取号:J209.9/200:2] | 在馆 |